|
|
|
|
| LEADER |
01672cas a2200241 a 4500 |
| 001 |
AALejournalIMF004333 |
| 008 |
230101c9999 xx r poo 0 0eng d |
| 020 |
|
|
|c 5.00 USD
|
| 020 |
|
|
|z 9781451821819
|
| 022 |
|
|
|a 1934-7685
|
| 040 |
|
|
|a BD-DhAAL
|c BD-DhAAL
|
| 110 |
2 |
|
|a International Monetary Fund.
|
| 245 |
1 |
0 |
|a Cambodia :
|b Staff Report for the 2006 Article IV Consultation.
|
| 264 |
|
1 |
|a Washington, D.C. :
|b International Monetary Fund,
|c 2006.
|
| 300 |
|
|
|a 1 online resource (68 pages)
|
| 490 |
1 |
|
|a IMF Staff Country Reports
|
| 500 |
|
|
|a <strong>Off-Campus Access:</strong> No User ID or Password Required
|
| 500 |
|
|
|a <strong>On-Campus Access:</strong> No User ID or Password Required
|
| 506 |
|
|
|a Electronic access restricted to authorized BRAC University faculty, staff and students
|
| 520 |
3 |
|
|a Cambodia achieved macroeconomic stability underpinned by prudent fiscal and monetary policies. Executive Directors commended this development. They welcomed the National Strategic Development Plan for reducing poverty, enhancing physical infrastructure, and improving social services. They appreciated the public financial management reform program, and encouraged to hasten the program's implementation by introducing the new Chart of Accounts for the budget and by rationalizing government bank accounts. They stressed the need to improve governance to enhance the business environment and strengthen revenue collection.
|
| 538 |
|
|
|a Mode of access: Internet
|
| 830 |
|
0 |
|a IMF Staff Country Reports; Country Report ;
|v No. 2006/264
|
| 856 |
4 |
0 |
|z Full text available on IMF
|u http://elibrary.imf.org/view/journals/002/2006/264/002.2006.issue-264-en.xml
|z IMF e-Library
|